World trade atlas : United Kingdom edition, December 2000 [
| Format: | Book |
|---|---|
| Published: |
Columbia, S.C.:
Global trade Information Services.
|
| Subjects: |
| LEADER | 00506cam a2200133 7i4500 | ||
|---|---|---|---|
| 001 | 0000009571 | ||
| 005 | 20010524090000.0 | ||
| 090 | 0 | 0 | |a CD-ROM 171-1(12) |b WOR |
| 245 | 0 | 0 | |a World trade atlas : |b United Kingdom edition, December 2000 [ |m electronic resources]. |
| 260 | 0 | 0 | |a Columbia, S.C.: |b Global trade Information Services. |
| 300 | # | # | |a Electronic computer optical disc (CD-ROM). |
| 650 | 0 | 0 | |a Statistics -- |z United Kingdom |
| 651 | 0 | 0 | |a United Kingdom |
| 999 | |a B000012290 |b CD-ROM |c AV Collection |e Business Information Centre | ||